Dlhodobá nezamestnanosť

Stav, vývoj a štruktúra dlhodobo evidovaných nezamestnaných. Vývoj nezamestnanosti na Slovensku v roku 2003. Základné ukazovatele za dlhodobo nezamestnaných. Doba evidencie. Vzdelanie. Vek. Európska stratégia zamestnanosti.

Gespeichert in:
Bibliographische Detailangaben
1. Verfasser: Senderáková, Lucia
Format: Buchkapitel
Sprache:Slowakisch
Schlagworte:
Tags: Tag hinzufügen
Keine Tags, Fügen Sie das erste Tag hinzu!

MARC

LEADER 00000naa$a2200000$$$4500
001 0004255
005 20231002091026.3
041 0 |a slo 
044 |a SK 
245 1 0 |a Dlhodobá nezamestnanosť  |c aut. Lucia Senderáková 
520 |a Stav, vývoj a štruktúra dlhodobo evidovaných nezamestnaných. Vývoj nezamestnanosti na Slovensku v roku 2003. Základné ukazovatele za dlhodobo nezamestnaných. Doba evidencie. Vzdelanie. Vek. Európska stratégia zamestnanosti. 
610 2 0 |a nezamestnanosť dlhodobá 
610 2 0 |a nezamestnaní 
610 2 0 |a Slovensko 
610 2 0 |a evidencia 
610 2 0 |a ukazovatele štatistické 
610 2 0 |a politika zamestnanosti 
610 2 0 |a 2003 
100 1 |a Senderáková, Lucia